| 000 | 01645nam0a2200349 4500 | ||
|---|---|---|---|
| 001 | RU\NLR\BIBL_A\011826258 | ||
| 005 | 20181029161958.0 | ||
| 010 |
_a978-5-98222-965-6 _9500 |
||
| 021 |
_aRU _bКН-П-18-068338 _9КН-П-18-4912 |
||
| 035 | _a(NLR Aleph) 011826258 | ||
| 035 | _a(RuMoRGB)009742891 | ||
| 090 |
_a11987326 _c11987326 |
||
| 100 | _a20181017d2018 k y0rusy50 ca | ||
| 101 | 0 | _arus | |
| 102 | _aRU | ||
| 105 | _aa|||z|||000zy | ||
| 200 | 1 |
_aСистемное управление качеством и безопасностью продукции агропромышленного кластера _eмонография _fТ.А. Салимова, А.И. Соляник, Ю.М. Сапего |
|
| 210 |
_aВоронеж _cНауная книга _d2018 |
||
| 215 |
_a188 с. _cил., табл. _d21 |
||
| 320 | _aБиблиогр.: с. 154-172 (184 назв.) | ||
| 606 | 1 |
_aАгропромышленные комплексы _xКачество продукции _xУправление _9903950 _3RU\NLR\AUTH\669118 |
|
| 606 | 1 |
_aПродовольственная безопасность _xУправление _yРоссийская Федерация _92100084 _3RU\NLR\AUTH\661573797 |
|
| 686 | 1 | _aУ32(2)-823.2-21 | |
| 686 | 1 | _aУ32(2)-982-21(2Р) | |
| 700 | 1 |
_aСалимова _bТ. А. _gТатьяна Анатольевна |
|
| 701 | 1 |
_aСоляник _bА. И. _gАнатолий Иванович |
|
| 701 | 1 |
_aСапего _bЮ. М. _gЮлия Михайловна |
|
| 942 | _cBOOK | ||
| 980 | _aNBR | ||
| 980 | _aNB | ||